LEADER 01372nam a2200313 a 4500 001 000000125435 003 CaOOAMICUS 005 20110525102952.0 008 110525s2010 it a u000 u ita r 040 $aPUL$bita 082 04$a759.05 100 1 $aCastellani, Francesca.$0(OLS)http://pul/name/52723 245 10$aManet e le origini dell'impressionismo /$cFrancesca Castellani ; catalogo di Giuseppe Di Natale. 260 $aFirenze :$bE-ducation.it S.p.a.,$c©2010. 300 $a359 p. :$bill. ;$c30 cm 490 1 $aL'etą dell'impressionismo 500 $aTitolo originale della collana: I grandi maestri dell'arte. 504 $aBibliografia p. 357-359. 600 14$aManet, Edouard,$d1832-1883.$0(OLS)http://pul/subject/37672 650 4$aPittura.$0(OLS)http://pul/subject/15768 700 1 $aDi Natale, Giuseppe.$0(OLS)http://pul/name/79394 830 0$aEtą dell'impressionismo.$0(OLS)http://pul/title/157521 850 $aPUL 852 $aPUL$W1$xSL Cons. Gen., Altre Classi 3$y75$m759. 05 COLL 1.5$j144460$qDDC 21$B143489$CPULBib$Z2$F143489 $H115713 $82 941 1 $a9 996 $6082$a759.05$9(OLS)http://pul/classification/1949 996 $6245$aManet e le origini dell'impressionismo$9(OLS)http://pul/title/158168 996 $6260$aFirenze :$bE-ducation.it S.p.a.$9(OLS)http://pul/publisher/81559 LEADER 01458nam a2200313 a 4500 001 000000167862 003 CaOOAMICUS 005 20180524103301.0 008 180524s1998 it 000 u ita r 020 $a88-384-4196-0* 032 $aLibriCat 040 $aPUL$bita 110 2 $aPapi (1978-2005 : Iohannes Paulus PP. II).$0(OLS)http://pul/name/12992 245 10$aFede e ragione :$blettera enciclica Fides et ratio: messaggio per il nuovo millennio /$cGiovanni Paolo II ; postfazione di Eugenio Scalfari. 250 $a2. ed. 260 $aCasale Monferrato :$bPiemme,$c©1998. 300 $a224 p. ; $c20 cm. 500 $aIn appendice: Le encicliche di Giovanni Paolo II. 610 24$aPapi (1978-2005 : Iohannes Paulus PP. II).$tFides et ratio.$0(OLS)http://pul/subject/27824 700 1 $aScalfari, Eugenio.$0(OLS)http://pul/name/39916 850 $aPUL 852 $aPUL$W1$xDP1 Fondo Dalla Palma$y117$m3 F 31$j166571$qFondi$B195635$CPULBib$Z2$F195635 $HDal1998 $81 900 $aIohannes Paulus PP.$bII,$csanto,$d1920-2005$912992 900 $aIohannes Paulus PP.$bII,$csanto,$d1920-2005$912992 941 1 $a1 996 $6020$a88-384-4196-0*$9(OLS)http://pul/number/164160 996 $6245$aFede e ragione :$blettera enciclica Fides et ratio: messaggio per il nuovo millennio$9(OLS)http://pul/title/207996 996 $6260$aCasale Monferrato :$bPiemme$9(OLS)http://pul/publisher/51813